Najpopularniejsze polskie piosenki na Spotify - Statystyki

Ogólne statystyki
  • Ten quiz został rozwiązany 1 714 razy
  • Średni wynik to 8 z 20
Statystyki odpowiedzi
Wykonawca Tytuł % Poprawnych
Taconafide Tamagotchi
73%
Otsochodzi Nie/nie
71%
Dawid Podsiadło Małomiasteczkowy
69%
White 2115 California
66%
Tymek Język ciała
59%
Taconafide 8 kobiet
53%
Paweł Domagała Weź nie pytaj
53%
Dawid Podsiadło Nie ma fal
47%
Taconafide Kryptowaluty
43%
Young Igi Bestia
40%
Quebonafide Half dead
40%
Otsochodzi Nowy kolor
38%
Męskie Granie Orkiestra 2018 Początek
34%
Quebonafide Candy
33%
Bedoes 05:05
22%
Taco Hemingway Fiji
22%
Reto Sorry dolores
18%
Dawid Podsiadło W dobrą stronę
18%
Taconafide Visa
16%
Bedoes Chłopaki nie płaczą
14%
Nie znaleziono quizów pasujących do podanych kryteriów
Rozkład punktacji
Procent ludzi z każdym wynikiem
Percentyl według liczby udzielonych odpowiedzi
Twoja historia wyników
Nie rozwiązałeś tego quizu